000 00616nam a22001817a 4500
999 _c16592
_d16592
003 AR-CdUCM
008 190304b ||||| |||| 00| 0 spa d
040 _aMUNICIPALIDAD PROVINCIAL DEL CUSCO
_cBIBLIOTECA MUNICIPAL DEL CUSCO
082 _a869.56 /
_bAL43
100 _aAllan Poe, Edgar
_98718
245 _aHistorias Extraordinarias /
260 _aMexico :
_bNacional,
300 _a227 páginas
_c18cm
505 _aContenido: El misterio de Maria Roget -- El demonio de la perversidad -- El gato negro -- Guillermo Willson...
650 _aLiteratura universal
_9611
942 _2ddc
_cLIBROS
945 _awfj